000 00814nam a2200277Ia 4500
005 20260320195833.0
008 008 262003s9999 xx 000 0 hin d
020 _a9789389598636
037 _aEBOOK
040 _aCRL
040 _bhin
040 _cCRL
041 _2hin
041 _ahin
084 _qCRL
100 _aसफिया अख्तर, अनु. असगर वजाहत
_91133270
245 0 _aतुम्हारे नाम :- जाँ निसार अख़्तर को सफ़िया अख़्तर के ख़त
250 _a1st
260 _bRajkamal
260 _c2020
300 _a183
856 _uhttps://ebook.indiaread.in/pdfs/tumhare_naam_by_safia_akhtar.pdf
942 _cEBOOK
999 _c1716762
_d1716762